Exposition des motifs d' après les quels l' Assemblée Nationale a proclamé la convocation d' une convention nationale, et prononcé la suspension du pouvoir exécutif dans les mains du roi. Imprimée par ordre de l' assemblée nationale

Detalles Bibliográficos
Formato: Libro
Lenguaje:Undetermined
French
Publicado: a Paris : de l' imprimerie Nationale, 1792.
Materias:
Colección:Banco de datos
Acervo:Biblioteca Palafoxiana. Colección bibliográfica
Descripción Física:17 p. ; 4°
Tema general:Historia civil
Notas:Número de localización: 32001-H
LEADER 00717nam a2200169Ia 4500
008 150723s9999 xx 000 0 und d
041 0 |a fre 
050 0 |a PAFX K623 C4 
245 1 0 |a Exposition des motifs d' après les quels l' Assemblée Nationale a proclamé la convocation d' une convention nationale, et prononcé la suspension du pouvoir exécutif dans les mains du roi. Imprimée par ordre de l' assemblée nationale 
260 |a a Paris : de l' imprimerie Nationale, 1792. 
300 |a 17 p. ; 4° 
500 |a Número de localización: 32001-H 
501 |a Encuadernado con 7 obras 
650 1 0 |a Historia civil 
942 |c PALALIB 
943 |g Biblioteca Palafoxiana. Colección bibliográfica 
999 |c 1063341  |d 1063341